Biblioteca

La oración de los padres y las madres de Israel (Registro nro. 44429)

Detalles MARC
000 -LÍDER
Campo fijo de descripción fija 01903nam a22004097a 4500
001 - NÚMERO DE CONTROL
Campo de control 17935
003 - IDENTIFICADOR DEL NÚMERO DE CONTROL
Campo de control CO-MdFUSB
005 - FECHA Y HORA DE LA ULTIMA TRANSACCIÓN
control field 20240531062738.0
008 - ELEMENTOS DE LONGITUD FIJA -- INFORMACIÓN GENERAL
Campo fijo de descripción fija -- Información general 170712t2010 s ||||| |||| 00| 0 s d
020 ## - NÚMERO INTERNACIONAL NORMALIZADO PARA LIBROS
Número Internacional Normalizado del libro 978-84-9945-137-4
040 ## - FUENTE DE CATALOGACIÓN
Agencia de catalogación original CO-MdFUSB
Idioma de catalogación spa
Agencia que realiza la transcripción CO-MdFUSB
Agencia que realiza la modificación CO-MdFUSBC
Convenciones de la descripción rda
041 ## - CÓDIGO DE IDIOMA
Código de idioma para texto/pista de sonido o título separado spa
082 04 - NÚMERO DE CLASIFICACIÓN DECIMAL DEWEY
Número de clasificación G 221.042 V935o
100 1# - ASIENTO PRINCIPAL--NOMBRE PERSONAL
Nombre personal Voltaggio, Francesco Giosuè 1974-
Término relacionador autor
245 13 - TÍTULO
Título del Material La oración de los padres y las madres de Israel
Parte restante del título - Subtitulo : investigación en el Targum del pentateuco: la antigua tradición judía y los orígenes del cristianismo
Mención de responsabilidad, etc. / Francesco Giosuè Voltaggio
264 #4 - PRODUCCIÓN, PUBLICACIÓN, DISTRIBUCIÓN, MANUFACTURA, Y COPYRIGHT
Lugar de producción, publicación, distribución, manufactura Estella, Navarra :
Nombre del productor, publicador, distribuidor Verbo Divino,
Fecha de producción, publicación, distribución, manufactura, o copyright ©2010
300 ## - DESCRIPCIÓN FÍSICA
Extensión 564 p. 24 cm
336 ## - TIPO DE CONTENIDO
Fuente rdacontent
Término de tipo de contenido
Código de tipo de contenido
337 ## - TIPO DE MEDIO
Fuente rdamedia
Nombre del tipo de medio
Código del tipo de medio
338 ## - TIPO DE SOPORTE
Fuente rdacarrier
Nombre del tipo de soporte
Código Tipo de soporte
500 ## - NOTA GENERAL
Nota General Incluye índice analítico del Antiguo Testamento, Nuevo Testamento, Targum, Qumrán, Misnah, Tosefta y Tamud, Misdarim, Apócrifos del AT y del NT, Filón de Alejandría y Flavio Josefo, Autores y escritos de la antigüedad cristiana
505 00 - NOTA DE CONTENIDO
Nota de contenido con formato preestablecido Los tres horizontes (Torah oral, liturgia y Nuevo Testamento) y el método -- Abraham y Sara -- Isaac y Rebeca -- Jacob, Lía, Raquel -- Expresiones, formas y concepciones relativas a la oración de los padres y madres en el tragum del Pentateuco en el contexto de la tradición.
650 #7 - ASIENTO SECUNDARIO DE MATERIA - TERMINO TEMÁTICO
Término temático o nombre geográfico como elemento de entrada Oración
9 (RLIN) 86
650 #7 - ASIENTO SECUNDARIO DE MATERIA - TERMINO TEMÁTICO
Término temático o nombre geográfico como elemento de entrada Dios
Subdivisión general Enseñanza bíblica
Fuente del encabezamiento o término
9 (RLIN) 323
650 #7 - ASIENTO SECUNDARIO DE MATERIA - TERMINO TEMÁTICO
Término temático o nombre geográfico como elemento de entrada Cristianismo
Fuente del encabezamiento o término
9 (RLIN) 22
650 #0 - ASIENTO SECUNDARIO DE MATERIA - TERMINO TEMÁTICO
Término temático o nombre geográfico como elemento de entrada Biblia
Término temático que sigue al nombre geográfico como elemento de entrada Pentateuco
9 (RLIN) 31
650 #7 - ASIENTO SECUNDARIO DE MATERIA - TERMINO TEMÁTICO
Término temático o nombre geográfico como elemento de entrada Judaísmo
Fuente del encabezamiento o término
9 (RLIN) 6881
650 #7 - ASIENTO SECUNDARIO DE MATERIA - TERMINO TEMÁTICO
Término temático o nombre geográfico como elemento de entrada Judaísmo
Subdivisión general Costumbres y prácticas
Fuente del encabezamiento o término
9 (RLIN) 6882
653 ## - TÉRMINO DE INDIZACIÓN - NO CONTROLADO
Término no controlado Biblia A.T. - Oración
653 ## - TÉRMINO DE INDIZACIÓN - NO CONTROLADO
Término no controlado Cristianismo - Historia antigua - Oración
653 ## - TÉRMINO DE INDIZACIÓN - NO CONTROLADO
Término no controlado Targum - Pentateuco
653 ## - TÉRMINO DE INDIZACIÓN - NO CONTROLADO
Término no controlado Targum - Tradición judía antigua - Oración
653 ## - TÉRMINO DE INDIZACIÓN - NO CONTROLADO
Término no controlado Judaísmo - Oración
653 ## - TÉRMINO DE INDIZACIÓN - NO CONTROLADO
Término no controlado Biblia y tradición - Oración
653 ## - TÉRMINO DE INDIZACIÓN - NO CONTROLADO
Término no controlado Patriarcas bíblicos
942 ## - TIPO DE MATERIAL (KOHA)
Tipo de Item KOHA Libros General
Existencias
Estado de Material Estado de Perdido Estado de Dañado No para Préstamo Colección Tomo Biblioteca de Origen Biblioteca Permanente Fecha de Adquisición Total de Préstamos Signatura Topográfica Código de Barras Última vez visto Ejemplar/Existencia Fecha de Remplazo Tipo de Material
        Colección General   Biblioteca FUSBC Biblioteca FUSBC 26/03/2013   G 221.042 V935o 17461 12/12/2019 1 26/01/2016 Libros General

Biblioteca FUSBC | Teléfono: (57+4) 349 88 10 Ext. 141| WhatsApp (+57) 3005338115 
E-mail: biblioteca@unisbc.edu.co | Calle 76 87-14 Robledo Palenque, Medellín, Colombia

Con tecnología Koha